书目信息 |
| 题名: |
水力学 下
|
|
| 作者: | 吴持恭 主编 | |
| 分册: | ||
| 出版信息: | 北京 高等教育出版社 1979.08 |
|
| 页数: | 418页 | |
| 开本: | 20cm | |
| 丛书名: | ||
| 单 册: | ||
| 中图分类: | TV13 | |
| 科图分类: | ||
| 主题词: | 水力学 , 热工水力学 | |
| 电子资源: | ||
| ISBN: | 7-04-001487-4 | |
| 000 | 00608nam0 2200229 45 | |
| 001 | 0237896432 | |
| 005 | 2002061110313622 | |
| 010 | @a7-04-001487-4@dRMB 12.80 | |
| 100 | @a20020611d1979 km y0chiy0120 ea | |
| 101 | 0 | @achi |
| 102 | @aCN@b110000 | |
| 200 | 1 | @a水力学 下@AShui Li Xue Xia@f吴持恭主编@Fwu chi gong zhu bian |
| 205 | @a2版 | |
| 210 | @a北京@c高等教育出版社@d1979.08 | |
| 215 | @a418页@d20cm | |
| 300 | @a高等学校教材 | |
| 606 | 0 | @a水力学 |
| 606 | 0 | @a热工水力学 |
| 690 | @aTV13@v3 | |
| 701 | 0 | @a吴持恭@Awu chi gong@4主编 |
| 801 | 0 | @aCN@bPFT@c20020611 |
| 905 | @a安徽大学@dTV13@eW752:2 | |
| 水力学 下/吴持恭主编.-2版.-北京:高等教育出版社,1979.08 |
| 418页;20cm |
| 高等学校教材 |
| ISBN 7-04-001487-4:RMB 12.80 |
| ● |
| 相关链接 |
|
|
|
正题名:水力学 下
索取号:TV13/W752:2
 
预约/预借
| 序号 | 登录号 | 条形码 | 馆藏地/架位号 | 状态 | 备注 |
| 1 | 363148 | 203631481 | 市政与环境工程学院资料室/501自科库 47排4列2层/ [索取号:TV13/W752:2] | 在馆 | |
| 2 | 363149 | 203631490 | 自科库501/501自科库 47排4列2层/ [索取号:TV13/W752:2] | 在馆 | |
| 3 | 363150 | 203631506 | 自科库501/501自科库 47排4列2层/ [索取号:TV13/W752:2] | 在馆 |